000 01115nam a2200313 a 4500
001 000115714
003 CHAP
005 20220329144545.0
008 190627s2018 mx |sm |||||||spa d
010 _a112175
011 _a113147
040 _cCHAP
090 _aTesis
100 1 _aRoldán Suárez, Elizabeth.
_999434
245 1 0 _aGestión de redes de innovación en la producción de maíz en México
_h[En línea]
_cpor Elizabeth Roldán Suárez.
260 _aChapingo, Méx. :
_bEl autor,
_c2018.
500 _aPara ver el contenido del material haga clic en la liga
502 _aTesis (Ph. D. en Problemas Economico Agroindustriales) -- UACH. CIESTAAM
590 _aE5765TAJ
_b05
_c20190627
_lUCH01
_h1038
590 _aE5765TAJ
_b05
_c20190627
_lUCH01
_h1039
650 1 4 _aAgricultura
_xTransferencia de tecnología.
_91885
650 1 4 _aAnálisis de redes.
_95973
650 1 4 _aMaíz
_xInnovaciones tecnológicas.
_970982
650 1 4 _aMaíz
_xProducción.
_971041
856 _aFinding aid
_uhttp://10.13.5.2/tesis/sist115714.pdf
_zTeclea aquí
901 _aBK
942 _cTESIS
942 _n0
999 _c112175
_d112175